banner-ar

اساسيات الشخصية المصرية / (Record no. 52185)

MARC details
000 -الفاتح
حقل البيانات ثابتة الطول 00628nam a2200205Ia 4500
008 - عناصر البيانات ثابتة الطول - معلومات عامة
حقل البيانات ثابتة الطول 140319s9999 xx 000 0 ara d
040 ## - مصدر الفهرسة
وكالة الفهرسة الأصلية GCL /
وكالة النسخ GCL
082 04 - رقم تصنيف ديوى العشرى
رقم التصنيف ق
رقم المادة 301.20932
-- ح ا
100 1# - المدخل الرئيسى - إسم شخصى
الإسم الشخصى حامد سعيد
245 10 - بيان العنوان
العنوان اساسيات الشخصية المصرية /
بيان المسئوليه,etc حامد سعيد
700 1# - المدخل الاضافى - اسم شخصى
الإسم الشخصى عبدالفتاح عيد
700 1# - المدخل الاضافى - اسم شخصى
الإسم الشخصى احسان خليل
300 ## - الوصف المادى
التعداد 200 ص
490 ## - بيان السلسلة
عنوان السلسلة المدرسة المصرية فى الفن والحياة
رقم المجلد/ التعيين التسلسلي 0
650 04 - المدخل الاضافى بالموضوع-مصطلح موضوعى
مصطلح موضوعي مصر القديمة
650 04 - المدخل الاضافى بالموضوع-مصطلح موضوعى
مصطلح موضوعي التاريخ
650 04 - المدخل الاضافى بالموضوع-مصطلح موضوعى
مصطلح موضوعي الحضارة الفرعونية
942 ## - عناصر المدخل الإضافي( كوها)
مصدر التصنيف او مخطط الترفيف Dewey Decimal Classification
Koha [default] item type كتاب
Holdings
حالة التراجع حالة الفقد حالة تلف ليس للاعارة المكان المؤقت الموقع الحالى تاريخ الاكتساب اجمالي اﻻعارات رقم الطلب الباركود تاريخ اخر مشاهدة تاريخ تفعيل السعر نوع وعاء كوها
        مكتبة القاهرة الكبرى مكتبة القاهرة الكبرى 03/26/2014   ق\301.20932\ح ا 124914 03/26/2014 03/26/2014 كتاب
        مكتبة القاهرة الكبرى مكتبة القاهرة الكبرى 03/26/2014   ق\301.20932\ح ا 124915 03/26/2014 03/26/2014 كتاب

Powered By

EGPV